Oxford handbook of new religious movements (Record no. 33420)

MARC details
000 -LEADER
fixed length control field 00526 2200145 4500
008 - FIXED-LENGTH DATA ELEMENTS--GENERAL INFORMATION
fixed length control field 090424t xxu||||| |||| 00| 0 eng d
050 ## - LIBRARY OF CONGRESS CALL NUMBER
Classification number BP603
Item number .H36 2003
100 ## - MAIN ENTRY--PERSONAL NAME
Personal name Lewis, James R.
245 ## - TITLE STATEMENT
Title Oxford handbook of new religious movements
Statement of responsibility, etc James R. Lewis, editor
260 ## - PUBLICATION, DISTRIBUTION, ETC. (IMPRINT)
Name of publisher, distributor, etc Oxford
Date of publication, distribution, etc 2003
Place of publication, distribution, etc New York
300 ## - PHYSICAL DESCRIPTION
Extent xv,544 p,.;
Dimensions 24cm.
650 ## - SUBJECT ADDED ENTRY--TOPICAL TERM
Source of heading or term Cults
942 ## - ADDED ENTRY ELEMENTS (KOHA)
Item type Book
Source of classification or shelving scheme Library of Congress Classification
Holdings
Withdrawn status Lost status Source of classification or shelving scheme Damaged status Not for loan Collection code Home library Current library Shelving location Date acquired Source of acquisition Cost, normal purchase price Total Checkouts Full call number Barcode Date last borrowed Copy number Price effective from Koha item type
    Library of Congress Classification     Reference Joshua & Timothy School of Theology Library (JTSOT) Joshua & Timothy School of Theology Library (JTSOT) Reference 24/04/2009 Donations 1000.00 1 REF BP603 .H36 2003 005404 03/10/2018 1 24/04/2009 Book